| 000 | 00579cab a2200193 4500 | ||
|---|---|---|---|
| 001 | WB2535-07 | ||
| 008 | 090401t1989 xxu||||| |||| 00| 0 eng d | ||
| 035 | _a(Sirsi) u36746 | ||
| 041 | _aeng | ||
| 245 | _aLondon council plans relocation | ||
| 260 | _c1989 | ||
| 350 | _a0 | ||
| 490 |
_aEvening Standard _v4/9/89 p10 |
||
| 520 | _aDiscusses plans by Westminster City Council to relocate some staff from central London due to soaring office rents and high commuting costs. | ||
| 650 | _aRECRUITMENT | ||
| 690 | _aECONOMIC AND SOCIAL | ||
| 942 | _n0 | ||
| 948 | _c04/03/1997 | ||
| 999 |
_c23784 _d23784 |
||